000 01045nam a22002177a 4500
999 _c57329
_d57329
003 Ge_BSU
005 20200812105922.0
008 200521s2017ge xxu||||| |||| 00| 0 geo d
020 _a9789941947902
041 _ageo
080 _a347.9(479.22)(076.3) +37.091.212.2 თ-68
100 _aთოდრაძე, თამაზ.
_98148
245 _a300 ტესტი სამოქალაქო საპროცესო სამართალში /
_b
_c თამაზ თოდრაძე ; რევაზ კახიანი.
300 _a128 გვ. ;
_c20 სმ.
440 _aიურისტის ბიბლიოთეკა
_9137
501 _aთანდართული სწორი პასუხებით
653 _aსაქართველოს სამოქალაქო საპროცესო სამართალი -- ტესტები.
653 _aსამართალი
700 _aკახიანი, რევაზ
_98147
942 _2udc
_cBK